000 005150000a22002050004500
001 1682
003 CO-MdFUSB
005 20170627191418.0
008 170627b xxu||||| |||| 00| 0 eng d
020 _a84-666-0892-3
040 _cCO-MdBIC
082 0 4 _a863C G882b
100 1 _aGrimm, Jacob
245 1 0 _aLa Bella Durmeinte / Jacob y Wilhelm Grimm ; ilustraciones de Gusti
250 _a1a ed.
260 _aBarcelona : Ediciones B, S.A.
300 _a40 P.
650 1 4 _aCuentos Clasicos
942 _cLGB
999 _c48840
_d48840